[Event "Accademia Cup"]
[Site "Roma ITA"]
[Date "1997.??.??"]
[Round "?"]
[White "Iatrino, Vincenzo"]
[Black "Barro, Carlo"]
[Result "0-1"]
[WhiteElo "1971"]
[BlackElo "1762"]
[PlyCount "90"]
[EventDate "1997.??.??"]

1. e4 d6 2. d4 Nf6 3. Nc3 g6 4. Nf3 Bg7 5. Bg5 O-O 6. Qd2 c6 7. Bd3 b5 8. Ne2
Nbd7 9. O-O-O a5 10. h4 Ng4 11. Ng3 h6 12. Be3 c5 13. Bxb5 Nxe3 14. fxe3 Qb6
15. a4 Rb8 16. h5 Ba6 17. c4 Bxb5 18. cxb5 Rbc8 19. Kb1 cxd4 20. exd4 Rc4 21.
b3 Rb4 22. Ka2 e6 23. hxg6 fxg6 24. Nf1 Nf6 25. Qd3 Ng4 26. Rd2 e5 27. N1h2
Nxh2 28. Rxh2 Qb7 29. d5 Qb6 30. Rc2 Rf4 31. Re2 h5 32. Rh1 Bh6 33. Qc2 Rf7 34.
Qc8+ Kg7 35. Qe6 Qc7 36. Nh4 Rf6 37. Qe8 Rxa4+ 38. Kb2 Rxe4 39. Rc2 Qa7 40. Nf3
a4 41. Re1 Rxf3 42. gxf3 Qd4+ 43. Ka2 axb3+ 44. Kxb3 Re3+ 45. Ka2 Qa4+ 0-1

[Event "Accademia Cup"]
[Site "Roma ITA"]
[Date "1997.??.??"]
[Round "?"]
[White "Iatrino, Vincenzo"]
[Black "Colangeli, Claudio"]
[Result "1/2-1/2"]
[WhiteElo "1971"]
[BlackElo "1600"]
[PlyCount "130"]
[EventDate "1997.??.??"]

1. e4 c6 2. d4 d5 3. Nc3 dxe4 4. Nxe4 Bf5 5. Ng3 Bg6 6. h4 h6 7. Nf3 Nd7 8. Bd3
Bxd3 9. Qxd3 Qc7 10. Bd2 Ngf6 11. O-O-O e6 12. Rhe1 O-O-O 13. Qb3 Bd6 14. Ne4
Nxe4 15. Rxe4 Nf6 16. Re2 Bf4 17. Bxf4 Qxf4+ 18. Kb1 Qc7 19. Ne5 c5 20. c3 Rd5
21. Nf3 cxd4 22. Rxd4 Rhd8 23. Rc4 Rc5 24. Rxc5 Qxc5 25. Nd4 Qd5 26. Qxd5 Nxd5
27. g3 a6 28. Kc2 Kc7 29. Re4 Kd6 30. f4 Ne7 31. g4 Nc6 32. Nf3 f6 33. Re3 Ke7
34. g5 Rd5 35. Re4 h5 36. Nd2 Kf7 37. Nf1 fxg5 38. fxg5 Re5 39. Kd3 Rxe4 40.
Kxe4 Ne7 41. Ne3 Ng6 42. Ng2 Ke7 43. Nf4 Nxh4 44. Nxh5 Ng6 45. Nxg7 Kd6 46. Nh5
e5 47. Ng3 Ke6 48. Ne2 Ne7 49. Ng1 b6 50. Nf3 Ng6 51. c4 a5 52. b3 Kd6 53. Kf5
Ne7+ 54. Kf6 e4 55. Nd4 e3 56. g6 Nxg6 57. Kxg6 Kc5 58. Ne2 b5 59. cxb5 Kxb5
60. Kf5 Kb4 61. Ke4 Ka3 62. Kxe3 Kxa2 63. Nd4 Ka3 64. Kd3 a4 65. bxa4 Kxa4
1/2-1/2

[Event "Accademia Cup"]
[Site "Roma ITA"]
[Date "1997.??.??"]
[Round "?"]
[White "Iatrino, Vincenzo"]
[Black "Crucioli, Marco"]
[Result "1/2-1/2"]
[WhiteElo "1971"]
[BlackElo "1630"]
[PlyCount "144"]
[EventDate "1997.??.??"]

1. e4 e5 2. Nf3 d6 3. Bc4 Be7 4. O-O Bf6 5. Nc3 Ne7 6. Ne2 O-O 7. Ng3 g6 8. d3
Nbc6 9. a3 Nd4 10. c3 Nxf3+ 11. Qxf3 Bg7 12. Bg5 Be6 13. Bxe6 fxe6 14. Qg4 Qd7
15. h4 h5 16. Qe2 Kh7 17. Qd2 Ng8 18. d4 exd4 19. cxd4 Rf7 20. Ne2 Nf6 21. f3
c6 22. Nf4 d5 23. e5 Ng8 24. Qc2 Ne7 25. Nxh5 Raf8 26. Bf6 Bxf6 27. Nxf6+ Rxf6
28. exf6 Nf5 29. Qd2 Rxf6 30. Qg5 Qg7 31. Rad1 Rf7 32. h5 Rf6 33. g4 gxh5 34.
Qxg7+ Nxg7 35. Rd2 Rf4 36. gxh5 Nxh5 37. Kf2 Kg6 38. Rg1+ Kf6 39. Rg8 Ng7 40.
Rb8 Nf5 41. Rxb7 Nxd4 42. Rd3 c5 43. Rxa7 e5 44. Ra8 Ke7 45. Kg3 c4 46. Rd1
Rxf3+ 47. Kg2 Rb3 48. Rd2 Kd6 49. Kf2 Kc5 50. Rc8+ Nc6 51. Ke2 d4 52. Kd1 e4
53. Rg2 Kd6 54. Rg6+ Ke5 55. Rgxc6 Rxb2 56. Rxc4 e3 57. Rc2 Rb1+ 58. Ke2 Rb3
59. R2c5+ Kd6 60. Ra5 Rb2+ 61. Kf3 Kd7 62. Rc1 Kd6 63. Rd1 Rf2+ 64. Kg3 Rd2 65.
Rh1 e2 66. Rh6+ Kc7 67. Re5 d3 68. Kf2 Rd1 69. a4 Rf1+ 70. Kg2 e1=Q 71. Rh7+
Kd6 72. Rxe1 Rxe1 1/2-1/2

[Event "Accademia Cup"]
[Site "Roma ITA"]
[Date "1997.??.??"]
[Round "?"]
[White "Iatrino, Vincenzo"]
[Black "Franchi, Jose' Maria"]
[Result "1-0"]
[WhiteElo "1971"]
[BlackElo "1846"]
[PlyCount "71"]
[EventDate "1997.??.??"]

1. e4 c6 2. f4 d5 3. e5 Qb6 4. d4 c5 5. dxc5 Qxc5 6. Nc3 e6 7. Nf3 Ne7 8. Bd3
Nec6 9. a3 a6 10. Qe2 b5 11. Be3 d4 12. Ne4 Qa7 13. Nxd4 Qc7 14. O-O Be7 15.
Rad1 Bb7 16. Nxc6 Bxc6 17. Qg4 g6 18. g3 h5 19. Qe2 h4 20. g4 Nd7 21. h3 Qb7
22. Nd6+ Bxd6 23. exd6 Rd8 24. Bd4 Rg8 25. f5 gxf5 26. Bxf5 Nf8 27. Bf6 Rd7 28.
Rd3 Bd5 29. b3 Qc6 30. Rc3 Qb7 31. Qe5 Ng6 32. Bxg6 Rxg6 33. Qh5 Rg8 34. Qh7
Kf8 35. Be7+ Rxe7 36. dxe7+ 1-0

[Event "Accademia Cup"]
[Site "Roma ITA"]
[Date "1997.??.??"]
[Round "?"]
[White "Imbrogno, Rinaldo"]
[Black "Anella, Sandro"]
[Result "1-0"]
[WhiteElo "1929"]
[BlackElo "1693"]
[PlyCount "73"]
[EventDate "1997.??.??"]

1. e4 e6 2. d3 d5 3. Nd2 Nf6 4. Ngf3 c5 5. Be2 Nc6 6. c3 Be7 7. O-O O-O 8. Qc2
b5 9. Re1 a5 10. Nf1 Ba6 11. e5 Nd7 12. Bf4 Rc8 13. h3 Qb6 14. Bd1 b4 15. Qe2
c4 16. d4 Rb8 17. Ba4 Bb5 18. Bc2 b3 19. Bb1 bxa2 20. Rxa2 g6 21. h4 Rfc8 22.
h5 Qd8 23. Bh6 Nb4 24. cxb4 axb4 25. hxg6 hxg6 26. Ne3 b3 27. Ra7 Qb6 28. Nxd5
exd5 29. e6 fxe6 30. Qxe6+ Qxe6 31. Rxe6 Kf7 32. Rxg6 c3 33. Rxd7 Ke8 34. Ne5
Bxd7 35. Rg8+ Bf8 36. Rxf8+ Ke7 37. Rf7+ 1-0

[Event "Accademia Cup"]
[Site "Roma ITA"]
[Date "1997.??.??"]
[Round "?"]
[White "Imbrogno, Rinaldo"]
[Black "Cesarini, Lanfranco"]
[Result "1/2-1/2"]
[WhiteElo "1929"]
[BlackElo "1798"]
[PlyCount "33"]
[EventDate "1997.??.??"]

1. Nf3 d5 2. e3 Nf6 3. b3 Bg4 4. Bb2 c5 5. Bb5+ Nbd7 6. O-O a6 7. Bxd7+ Qxd7 8.
Qe2 e6 9. d3 Bd6 10. Nbd2 Qc7 11. h3 Bxf3 12. Qxf3 Be5 13. Bxe5 Qxe5 14. e4 O-O
15. exd5 Qxd5 16. Rfe1 Qxf3 17. Nxf3 1/2-1/2

[Event "Accademia Cup"]
[Site "Roma ITA"]
[Date "1997.??.??"]
[Round "?"]
[White "Imbrogno, Rinaldo"]
[Black "De Blasio, Alessandro"]
[Result "1/2-1/2"]
[WhiteElo "1929"]
[BlackElo "1609"]
[PlyCount "67"]
[EventDate "1997.??.??"]

1. Nf3 d5 2. d3 Nf6 3. g3 h6 4. Bg2 c6 5. O-O Bf5 6. b3 e6 7. Bb2 Be7 8. Nbd2
O-O 9. e3 Na6 10. a3 Nc7 11. Qe2 a5 12. Ne5 Nd7 13. Nxd7 Qxd7 14. Nf3 Ne8 15.
Ne5 Qc7 16. f4 a4 17. e4 Bh7 18. b4 Bf6 19. Bd4 dxe4 20. dxe4 Nd6 21. Rad1 Rfd8
22. Rd2 Nb5 23. Bb2 Rxd2 24. Qxd2 Qb6+ 25. Rf2 Bxe5 26. fxe5 Rd8 27. Qf4 Rd1+
28. Bf1 Bg6 29. Kg2 Re1 30. Re2 Rxe2+ 31. Bxe2 Nd4 32. Bd3 c5 33. Qf2 Qc6 34.
Bxd4 1/2-1/2

[Event "Accademia Cup"]
[Site "Roma ITA"]
[Date "1997.??.??"]
[Round "?"]
[White "Imbrogno, Rinaldo"]
[Black "Franchi, Jose' Maria"]
[Result "1/2-1/2"]
[WhiteElo "1929"]
[BlackElo "1846"]
[PlyCount "70"]
[EventDate "1997.??.??"]

1. Nf3 Nf6 2. g3 d5 3. Bg2 c6 4. d3 Bg4 5. Ne5 Bh5 6. c4 e6 7. Qb3 Nbd7 8. Bf4
Qb6 9. Nc3 Bb4 10. a3 Bc5 11. Qxb6 Bxb6 12. Na4 Bxf2+ 13. Kxf2 Nxe5 14. h3 Ned7
15. Bd6 Bg6 16. Nc3 Nb6 17. c5 Nc8 18. Bf4 Nd7 19. d4 O-O 20. e4 b6 21. exd5
exd5 22. b4 a6 23. Rhe1 Nf6 24. Ra2 Ra7 25. Rae2 Bf5 26. g4 Be6 27. Rb2 Rb7 28.
Na4 b5 29. Nc3 Ne7 30. a4 Ra8 31. a5 Ng6 32. Bg3 Re8 33. Rbe2 Rd8 34. Bf3 h6
35. Kg1 Nf8 1/2-1/2

[Event "Accademia Cup"]
[Site "Roma ITA"]
[Date "1997.??.??"]
[Round "?"]
[White "Lantini, Marco"]
[Black "Gaspero, Mario"]
[Result "1-0"]
[WhiteElo "2190"]
[BlackElo "1806"]
[PlyCount "85"]
[EventDate "1997.??.??"]

1. e4 c5 2. Nf3 d6 3. d4 cxd4 4. Nxd4 Nf6 5. Nc3 Nc6 6. Be2 e5 7. Nb3 Be6 8.
O-O Be7 9. f4 exf4 10. Bxf4 Ne5 11. Qd4 Ng6 12. Bb5+ Kf8 13. Bg3 a6 14. Be2 Qc7
15. Rad1 Rd8 16. Qf2 h6 17. Nd4 Kg8 18. Nd5 Bxd5 19. exd5 Kh7 20. Bd3 Rhf8 21.
Bxg6+ fxg6 22. Ne6 Qc8 23. Qe2 Rde8 24. Nxf8+ Bxf8 25. Qd3 Nh5 26. Rde1 Be7 27.
Re6 Bf6 28. Rfe1 Rd8 29. b4 Nxg3 30. hxg3 Qc3 31. Qxc3 Bxc3 32. R1e4 Be5 33.
R4xe5 dxe5 34. c4 b5 35. c5 Rxd5 36. Rxa6 Rd4 37. a3 e4 38. Ra5 e3 39. Kf1 Rd3
40. Rxb5 Rxa3 41. c6 Ra8 42. c7 Rc8 43. Rc5 1-0

[Event "Accademia Cup"]
[Site "Roma ITA"]
[Date "1997.??.??"]
[Round "?"]
[White "Lantini, Marco"]
[Black "Moroni, Marco"]
[Result "1-0"]
[WhiteElo "2190"]
[BlackElo "1785"]
[PlyCount "92"]
[EventDate "1997.??.??"]

1. e4 e5 2. Nf3 Nf6 3. Nxe5 d6 4. Nf3 Nxe4 5. d4 d5 6. Bd3 Be7 7. O-O O-O 8. c4
c6 9. Re1 f5 10. Ne5 Qb6 11. c5 Qb4 12. Nf3 Qa5 13. b4 Qd8 14. Ne5 Bh4 15. g3
Bf6 16. f3 Ng5 17. Bxg5 Bxg5 18. f4 Bf6 19. Qc2 Be7 20. Nd2 a5 21. a3 axb4 22.
axb4 Rxa1 23. Rxa1 Bf6 24. Bxf5 Bxf5 25. Qxf5 Qe7 26. Qd3 Qc7 27. Ndf3 Qc8 28.
b5 Qc7 29. Ra7 Qc8 30. Ra8 Qe6 31. Ra1 Qc8 32. Rb1 Qc7 33. Qf5 Qe7 34. Qh3 Re8
35. Qg2 Qc7 36. Qb2 Rc8 37. Qb3 Nd7 38. bxc6 bxc6 39. Qb7 Bxe5 40. Nxe5 Nxe5
41. Qxc7 Nf3+ 42. Kf2 Rxc7 43. Kxf3 Kf7 44. f5 Kf6 45. g4 h5 46. h3 46... Kg5 {
...} 1-0

[Event "Accademia Cup"]
[Site "Roma ITA"]
[Date "1997.??.??"]
[Round "?"]
[White "Lantini, Marco"]
[Black "Rossi De Gasperis, Pietro"]
[Result "1-0"]
[WhiteElo "2190"]
[BlackElo "1833"]
[PlyCount "43"]
[EventDate "1997.??.??"]

1. e4 c5 2. Nf3 Nc6 3. Nc3 d6 4. d4 cxd4 5. Nxd4 Nf6 6. Be2 g6 7. Nxc6 bxc6 8.
e5 Nd7 9. exd6 exd6 10. O-O Be7 11. Bh6 Nf6 12. Bf3 d5 13. Qd4 Qd6 14. Rfe1 Be6
15. Bg7 c5 16. Qa4+ Bd7 17. Qh4 O-O-O 18. Rxe7 Qxe7 19. Bxf6 Qd6 20. Nxd5 Bc6
21. Ne7+ Kc7 22. Nxc6 1-0

[Event "Accademia Cup"]
[Site "Roma ITA"]
[Date "1997.??.??"]
[Round "?"]
[White "Laudati, Adriano"]
[Black "De Carolis, Massimo"]
[Result "1-0"]
[WhiteElo "1852"]
[BlackElo "1666"]
[PlyCount "75"]
[EventDate "1997.??.??"]

1. e4 g6 2. d4 Bg7 3. c4 d6 4. Nc3 Nf6 5. Nf3 O-O 6. Be2 e5 7. d5 c5 8. O-O h6
9. Ne1 Ne8 10. f3 f5 11. Nd3 a5 12. g4 f4 13. b3 Bd7 14. Bd2 Na6 15. a3 h5 16.
h3 Qh4 17. Rf2 Kf7 18. Rh2 hxg4 19. hxg4 Qg3+ 20. Kh1 Rh8 21. Qg1 Rxh2+ 22.
Qxh2 Qxh2+ 23. Kxh2 Nec7 24. Nb2 Rh8+ 25. Kg2 Bf6 26. Nb5 Nxb5 27. cxb5 Nc7 28.
a4 b6 29. Nc4 Na8 30. Nxd6+ Ke7 31. Nc4 Kf7 32. Rh1 Re8 33. Rh7+ Bg7 34. Nxe5+
Kg8 35. Rxg7+ Kxg7 36. Nxd7 Re7 37. Bc3+ Kf7 38. Ne5+ 1-0

[Event "Accademia Cup"]
[Site "Roma ITA"]
[Date "1997.??.??"]
[Round "?"]
[White "Laudati, Adriano"]
[Black "Narain, Ram Deva"]
[Result "1-0"]
[WhiteElo "1852"]
[BlackElo "1539"]
[PlyCount "72"]
[EventDate "1997.??.??"]

1. e4 g6 2. d4 Bg7 3. c4 d6 4. Nc3 Nd7 5. Nf3 e5 6. d5 Ngf6 7. Be2 Nc5 8. Qc2
a5 9. O-O O-O 10. a3 a4 11. Ne1 Nb3 12. Rb1 Nxc1 13. Rxc1 Bh6 14. Rd1 Bd7 15.
Nd3 Ne8 16. c5 f5 17. c6 bxc6 18. Nxe5 c5 19. Nxd7 Qxd7 20. exf5 gxf5 21. Bb5
Qf7 22. Bxa4 Ng7 23. Bc6 Rab8 24. Rfe1 Bg5 25. Rd3 Bf6 26. f4 Rb6 27. Nb5 Rfb8
28. a4 Nh5 29. g3 Qg7 30. Rde3 Qg6 31. Kh1 Ng7 32. b3 Qf7 33. Qc4 Bd8 34. a5
Rxc6 35. dxc6 Qxc4 36. bxc4 Ra8 1-0

[Event "Accademia Cup"]
[Site "Roma ITA"]
[Date "1997.??.??"]
[Round "?"]
[White "Laudati, Adriano"]
[Black "Roperto, Michele"]
[Result "1-0"]
[WhiteElo "1852"]
[BlackElo "1594"]
[PlyCount "63"]
[EventDate "1997.??.??"]

1. e4 e5 2. Nc3 Nf6 3. f4 Nc6 4. Nf3 d5 5. fxe5 Nxe4 6. d3 Nxc3 7. bxc3 Bg4 8.
d4 Be7 9. Bd3 f6 10. h3 Bxf3 11. Qxf3 fxe5 12. Qh5+ g6 13. Bxg6+ hxg6 14. Qxh8+
Kd7 15. Qxd8+ Rxd8 16. dxe5 Bh4+ 17. Ke2 Rf8 18. Rf1 Re8 19. Rf7+ Kc8 20. Bf4
Nd8 21. Rh7 g5 22. Bh2 Ne6 23. g3 Bxg3 24. Bxg3 Nf4+ 25. Bxf4 gxf4 26. Rg1
Rxe5+ 27. Kf3 Re8 28. Rgg7 c6 29. Rc7+ Kb8 30. Rxb7+ Ka8 31. Rxa7+ Kb8 32.
Rhb7+ 1-0

[Event "Accademia Cup"]
[Site "Roma ITA"]
[Date "1997.??.??"]
[Round "?"]
[White "Liburdi, Renzo"]
[Black "Failli, Riccardo"]
[Result "0-1"]
[WhiteElo "1510"]
[BlackElo "1699"]
[PlyCount "129"]
[EventDate "1997.??.??"]

1. e4 e6 2. d4 d5 3. Nc3 Bb4 4. e5 c5 5. a3 Bxc3+ 6. bxc3 Ne7 7. Bd3 Qc7 8. Be3
Nbc6 9. Qd2 O-O 10. Nf3 Bd7 11. O-O c4 12. Be2 f6 13. Bf4 Ng6 14. Bg3 fxe5 15.
dxe5 Qd8 16. Qe3 Qb6 17. Nd4 Nxd4 18. cxd4 Ba4 19. c3 Qc7 20. Bg4 Qe7 21. f4
Bc2 22. Rf2 Bf5 23. Bxf5 Rxf5 24. h3 Raf8 25. Rf3 h5 26. Qf2 b5 27. Kh2 h4 28.
Rf1 hxg3+ 29. Qxg3 Kf7 30. Qf2 Ke8 31. g3 Qxa3 32. Rb1 a6 33. Qc2 Ne7 34. Rff1
Qa5 35. Ra1 Qb6 36. Ra2 Kd7 37. Rfa1 Ra8 38. Qd2 Ng6 39. Ra5 Kc6 40. Qa2 Kb7
41. Qa3 Rf7 42. Qb2 Ne7 43. Qd2 Nc6 44. R5a2 a5 45. Rb1 b4 46. cxb4 axb4 47.
Rab2 c3 48. Qxc3 Ra2 49. Qb3 Rxb2+ 50. Qxb2 g5 51. Qd2 gxf4 52. gxf4 Kc7 53.
Rc1 Kd7 54. Rc5 b3 55. Rc1 Qxd4 56. Qc3 Qxf4+ 57. Qg3 Qxc1 58. Qxb3 Qf4+ 59.
Qg3 Qxg3+ 60. Kxg3 d4 61. h4 d3 62. h5 d2 63. h6 d1=Q 64. Kg2 Rf3 65. Kh2 0-1

[Event "Accademia Cup"]
[Site "Roma ITA"]
[Date "1997.??.??"]
[Round "?"]
[White "Liburdi, Renzo"]
[Black "Roperto, Michele"]
[Result "1/2-1/2"]
[WhiteElo "1510"]
[BlackElo "1594"]
[PlyCount "129"]
[EventDate "1997.??.??"]

1. e4 e5 2. Nf3 Nc6 3. Bb5 a6 4. Ba4 d6 5. O-O Nf6 6. Re1 b5 7. Bb3 Na5 8. d3
Nxb3 9. axb3 Be7 10. h3 O-O 11. Be3 c5 12. c4 b4 13. Nbd2 Bd7 14. Kh2 Nh5 15.
g4 Nf4 16. Bxf4 exf4 17. Rg1 Bf6 18. Rb1 h6 19. Rg2 g5 20. Ne1 Be5 21. Ndf3 f6
22. Nc2 Kg7 23. d4 cxd4 24. Ncxd4 Rh8 25. Nf5+ Bxf5 26. gxf5 a5 27. Qd5 Qb6 28.
Nxe5 fxe5 29. Qe6 Qd8 30. Qg6+ Kf8 31. f6 Ra7 32. Rd1 Rf7 33. f3 Rxf6 34. Qh5
Ke7 35. Rgd2 Qc7 36. Rc1 Qc8 37. Rd5 Qc7 38. Qg4 Ra8 39. Qg1 Ra6 40. c5 Rc6 41.
cxd6+ Rfxd6 42. Rxe5+ Kf6 43. Rf5+ Ke6 44. Rcc5 Rd2+ 45. Kh1 Rxc5 46. Rxc5 Qd6
47. e5 Qd7 48. Qg4+ Ke7 49. Qxd7+ Rxd7 50. Rxa5 Rd1+ 51. Kg2 Rd2+ 52. Kf1 Rxb2
53. Ra6 Rxb3 54. Rxh6 Rxf3+ 55. Kg2 Re3 56. Rb6 Rxe5 57. Rxb4 Kf6 58. h4 Kg6
59. hxg5 Kxg5 60. Kf2 Kg4 61. Rb8 f3 62. Rg8+ Kf4 63. Rf8+ Rf5 64. Rxf5+ Kxf5
65. Kxf3 1/2-1/2

[Event "Accademia Cup"]
[Site "Roma ITA"]
[Date "1997.??.??"]
[Round "?"]
[White "Liburdi, Renzo"]
[Black "Vigile, Matteo"]
[Result "0-1"]
[WhiteElo "1510"]
[BlackElo "1567"]
[PlyCount "72"]
[EventDate "1997.??.??"]

1. e4 e5 2. Nf3 Nc6 3. Bb5 a6 4. Ba4 Nf6 5. O-O Be7 6. Re1 b5 7. Bb3 d6 8. h3
Na5 9. c3 Nxb3 10. Qxb3 Be6 11. Qd1 c5 12. d4 cxd4 13. cxd4 O-O 14. dxe5 dxe5
15. Qxd8 Rfxd8 16. Nxe5 Rac8 17. Nf3 Nxe4 18. Nbd2 Nxd2 19. Bxd2 Rc2 20. Bc3
Bc5 21. Re3 Bxe3 22. fxe3 b4 23. Nd4 bxc3 24. Nxc2 cxb2 25. Rb1 Rb8 26. Na3
Bxa2 27. Rd1 b1=Q 28. Nxb1 Rxb1 29. Rxb1 Bxb1 30. Kf2 a5 31. Ke1 a4 32. Kd2 Be4
33. g3 a3 34. Kc1 f5 35. g4 fxg4 36. hxg4 g5 0-1

[Event "Accademia Cup"]
[Site "Roma ITA"]
[Date "1997.??.??"]
[Round "?"]
[White "Luna, Giovanni"]
[Black "Di Giulio, Michele"]
[Result "1-0"]
[WhiteElo "1564"]
[BlackElo "1615"]
[PlyCount "37"]
[EventDate "1997.??.??"]

1. d4 d5 2. Nf3 Bf5 3. c4 e6 4. Nc3 Nf6 5. Bg5 Be7 6. e3 Ne4 7. Bxe7 Qxe7 8.
cxd5 Nxc3 9. bxc3 exd5 10. Be2 O-O 11. O-O Nd7 12. c4 dxc4 13. Bxc4 Nf6 14. Ne5
Be6 15. Rc1 Bxc4 16. Rxc4 Rfe8 17. Qf3 Rad8 18. Qxb7 c5 19. Qxe7 1-0

[Event "Accademia Cup"]
[Site "Roma ITA"]
[Date "1997.??.??"]
[Round "?"]
[White "Luna, Giovanni"]
[Black "Franchi, Jose' Maria"]
[Result "0-1"]
[WhiteElo "1564"]
[BlackElo "1846"]
[PlyCount "120"]
[EventDate "1997.??.??"]

1. d4 d5 2. Nf3 c6 3. Nc3 Bg4 4. e3 e6 5. Be2 Nf6 6. O-O Bd6 7. h3 Bh5 8. Ne5
Bxe2 9. Qxe2 O-O 10. f4 a6 11. Qf3 c5 12. f5 Nc6 13. Nxc6 bxc6 14. Na4 c4 15.
Nc5 Bxc5 16. dxc5 exf5 17. Qxf5 Ne4 18. Qg4 Qe7 19. c3 Qxc5 20. Rf5 Qd6 21. Rf4
Rfe8 22. b3 cxb3 23. axb3 c5 24. Bb2 Re6 25. Qd1 Rd8 26. Qd3 Rg6 27. c4 Ng5 28.
Qf5 Qe6 29. Qxe6 Rxe6 30. Rg4 f6 31. h4 Ne4 32. cxd5 Rxd5 33. Ra4 Nd2 34. b4
cxb4 35. Raxb4 Rb5 36. Bc3 Rxb4 37. Bxb4 Ne4 38. Ba5 Kf7 39. Bc7 g6 40. Rf4 f5
41. g4 Kf6 42. Bd8+ Ke5 43. Bc7+ Kd5 44. gxf5 gxf5 45. Rxf5+ Kc6 46. Bf4 Re7
47. Rh5 Nc5 48. Rh6+ Ne6 49. Bg5 Re8 50. Rxh7 Nxg5 51. hxg5 Rxe3 52. Kf2 Re5
53. g6 Rg5 54. Rg7 a5 55. Kf3 a4 56. Kf4 Rg1 57. Rg8 Kb6 58. g7 Kb7 59. Kf5 a3
60. Kf6 a2 0-1

[Event "Accademia Cup"]
[Site "Roma ITA"]
[Date "1997.??.??"]
[Round "?"]
[White "Luna, Giovanni"]
[Black "Piacentini, Carlo"]
[Result "0-1"]
[WhiteElo "1564"]
[BlackElo "1680"]
[PlyCount "66"]
[EventDate "1997.??.??"]

1. Nf3 d5 2. d4 Nf6 3. c4 e6 4. Nc3 b6 5. Bg5 Be7 6. e3 O-O 7. Be2 Bb7 8. Rc1
c5 9. O-O Nbd7 10. dxc5 Nxc5 11. b4 Nce4 12. Nxe4 dxe4 13. Bxf6 gxf6 14. Nd4
Bxb4 15. Bh5 f5 16. f3 Bc5 17. Kh1 Qf6 18. fxe4 Bxe4 19. Bf3 Qe5 20. g4 Rad8
21. Rg1 f4 22. Bxe4 Qxe4+ 23. Qf3 Qxf3+ 24. Nxf3 Bxe3 25. Rcf1 Bxg1 26. Kxg1 h6
27. Ne5 Rd4 28. h3 Kg7 29. Kg2 Rc8 30. Rf3 f6 31. Nd3 Rdxc4 32. Nxf4 a5 33. Nd3
e5 0-1

[Event "Accademia Cup"]
[Site "Roma ITA"]
[Date "1997.??.??"]
[Round "?"]
[White "Luzi, Alessandro"]
[Black "Colangeli, Claudio"]
[Result "0-1"]
[WhiteElo "1567"]
[BlackElo "1600"]
[PlyCount "118"]
[EventDate "1997.??.??"]

1. e4 c6 2. d4 d5 3. Nc3 dxe4 4. Nxe4 Bf5 5. Ng3 Bg6 6. Nf3 Nd7 7. Bc4 e6 8.
Bf4 Ngf6 9. O-O Be7 10. Qd2 Nd5 11. Bxd5 cxd5 12. Rfe1 O-O 13. Rad1 b5 14. a3
Qb6 15. c3 a5 16. b4 axb4 17. axb4 Ra3 18. Ra1 Rfa8 19. Qb2 Qa6 20. Rxa3 Qxa3
21. Qxa3 Rxa3 22. Rc1 Nf6 23. Ne5 Ne8 24. Nc6 Bf6 25. Kf1 Bd3+ 26. Ke1 Ra2 27.
Na5 g5 28. Bd2 Nd6 29. Nb3 Nc4 30. Be3 Nxe3 31. fxe3 Rxg2 32. Rd1 Bc4 33. Rd2
Rxd2 34. Nxd2 Be7 35. Nxc4 dxc4 36. Nf1 f5 37. Nd2 g4 38. Kf2 Bd6 39. Kg2 Kf7
40. Nb1 e5 41. Na3 exd4 42. exd4 Ke6 43. Nxb5 Bf4 44. Na7 Bd2 45. Nc8 Bxc3 46.
Nb6 Bxb4 47. Nxc4 Kd5 48. Ne3+ Ke4 49. Nf1 Bd6 50. h3 h5 51. hxg4 hxg4 52. Kf2
Kxd4 53. Ne3 Ke4 54. Ng2 Bf4 55. Nh4 Bg5 56. Ng2 f4 57. Ne1 Bh4+ 58. Kf1 Bxe1
59. Kxe1 Kf3 0-1

[Event "Accademia Cup"]
[Site "Roma ITA"]
[Date "1997.??.??"]
[Round "?"]
[White "Luzi, Alessandro"]
[Black "Roperto, Michele"]
[Result "1-0"]
[WhiteElo "1567"]
[BlackElo "1594"]
[PlyCount "113"]
[EventDate "1997.??.??"]

1. e4 e5 2. Nf3 Nc6 3. Bc4 Nf6 4. d3 Be7 5. Be3 d6 6. h3 O-O 7. O-O Na5 8. Nbd2
Nxc4 9. Nxc4 Be6 10. Ncd2 Qd7 11. Ng5 h6 12. Nxe6 Qxe6 13. Nf3 Nh7 14. Qd2 f5
15. exf5 Rxf5 16. Nh2 d5 17. Qe2 Bg5 18. Bxg5 Nxg5 19. h4 Nf7 20. c4 d4 21. Nf3
c5 22. b4 b6 23. a4 Re8 24. bxc5 bxc5 25. Nd2 Nd6 26. f3 Rf6 27. Ne4 Nxe4 28.
fxe4 Ref8 29. Rxf6 Qxf6 30. h5 Qb6 31. Rf1 Rxf1+ 32. Qxf1 Qb3 33. Qf5 Qb8 34.
Kh2 Qd6 35. Kh3 Qf6 36. Qxf6 gxf6 37. Kg4 Kf7 38. Kf5 Ke7 39. g4 Kf7 40. a5 a6
41. g5 hxg5 42. h6 Kg8 43. Kg4 Kh7 44. Kh5 g4 45. Kxg4 Kxh6 46. Kf5 Kg7 47. Ke6
Kg6 48. Kd5 Kf7 49. Kxc5 Ke6 50. Kb6 f5 51. exf5+ Kxf5 52. c5 e4 53. c6 e3 54.
c7 Kf4 55. c8=Q e2 56. Qc1+ Kf3 57. Kc5 1-0

[Event "Accademia Cup"]
[Site "Roma ITA"]
[Date "1997.??.??"]
[Round "?"]
[White "Luzi, Alessandro"]
[Black "Russo, Massimiliano"]
[Result "1-0"]
[WhiteElo "1567"]
[BlackElo "1576"]
[PlyCount "83"]
[EventDate "1997.??.??"]

1. e4 c5 2. Nf3 Nc6 3. d4 cxd4 4. Nxd4 Nf6 5. Nc3 a6 6. Be3 d6 7. Be2 e6 8. Qd2
Be7 9. O-O-O Qc7 10. f3 b5 11. a3 b4 12. axb4 Nxb4 13. Nb3 O-O 14. g4 Rd8 15.
g5 Nd7 16. h4 Bb7 17. h5 d5 18. h6 g6 19. exd5 Nxd5 20. Nxd5 Bxd5 21. Qa5 Rac8
22. Qxc7 Rxc7 23. Na1 Rdc8 24. Rhf1 Ne5 25. f4 Nc4 26. Bxc4 Bxc4 27. Rf2 Bc5
28. Bxc5 Rxc5 29. Rfd2 Rd5 30. c3 Kf8 31. Nc2 Rxd2 32. Rxd2 Ke7 33. Ne3 Bb3 34.
Ng4 Rc4 35. Rd4 Rc5 36. Nf6 e5 37. fxe5 Rxe5 38. Re4 Re6 39. Rxe6+ fxe6 40.
Nxh7 e5 41. Nf6 Kf7 42. Kd2 1-0

[Event "Accademia Cup"]
[Site "Roma ITA"]
[Date "1997.??.??"]
[Round "?"]
[White "Luzi, Alessandro"]
[Black "Vaccaro, Maurizio"]
[Result "1/2-1/2"]
[WhiteElo "1567"]
[BlackElo "1764"]
[PlyCount "125"]
[EventDate "1997.??.??"]

1. e4 c5 2. Nf3 a6 3. d4 cxd4 4. Nxd4 d6 5. Nc3 Nf6 6. Be3 e5 7. Nf3 Be6 8. Be2
Be7 9. O-O h6 10. Qd2 Qc7 11. Ne1 Nbd7 12. Nd3 d5 13. exd5 Nxd5 14. Nxd5 Bxd5
15. Rfd1 Nf6 16. f3 O-O-O 17. a4 Be6 18. a5 Nd5 19. Bf2 Bg5 20. Qe1 Be3 21. c4
Bxf2+ 22. Qxf2 Ne7 23. b4 Nc6 24. b5 Nd4 25. b6 Qd6 26. c5 Qd5 27. Nb4 Qxc5 28.
Rdc1 Nxe2+ 29. Kf1 Qxc1+ 30. Rxc1+ Nxc1 31. Qc5+ Kb8 32. Nxa6+ Ka8 33. Qxc1 Rd7
34. Nc7+ Kb8 35. Nxe6 fxe6 36. Qc5 Rhd8 37. Qxe5+ Ka8 38. Qxe6 Rd5 39. Qe7 R5d7
40. Qe5 Rd1+ 41. Kf2 R1d2+ 42. Kg3 R2d5 43. Qc3 R5d7 44. Kg4 Rd4+ 45. f4 h5+
46. Kxh5 Rxf4 47. Qxg7 Rd5+ 48. Qg5 Rxg5+ 49. Kxg5 Rf2 50. g4 Rxh2 51. Kf6 Rf2+
52. Kg6 Kb8 53. g5 Kc8 54. Kh7 Rh2+ 55. Kg7 Kd7 56. g6 Kc6 57. Kf7 Rf2+ 58. Ke6
Rg2 59. Kf7 Kb5 60. a6 Kxb6 61. axb7 Kxb7 62. g7 Rf2+ 63. Ke7 1/2-1/2

[Event "Accademia Cup"]
[Site "Roma ITA"]
[Date "1997.??.??"]
[Round "?"]
[White "Malan, Domenico"]
[Black "Bernardi, Giancarlo"]
[Result "1/2-1/2"]
[WhiteElo "1642"]
[BlackElo "1537"]
[PlyCount "21"]
[EventDate "1997.??.??"]

1. Nf3 d5 2. e3 Nc6 3. d4 Bg4 4. Be2 Nf6 5. Nbd2 e6 6. b3 Bd6 7. Bb2 O-O 8. O-O
Re8 9. Ne5 Bxe2 10. Qxe2 Ne7 11. c4 1/2-1/2

[Event "Accademia Cup"]
[Site "Roma ITA"]
[Date "1997.??.??"]
[Round "?"]
[White "Malan, Domenico"]
[Black "De Blasio, Alessandro"]
[Result "0-1"]
[WhiteElo "1642"]
[BlackElo "1609"]
[PlyCount "54"]
[EventDate "1997.??.??"]

1. d4 d5 2. Nf3 Nf6 3. Bf4 Bf5 4. e3 c5 5. Bd3 Bxd3 6. Qxd3 c4 7. Qe2 e6 8. c3
Nbd7 9. h3 Be7 10. Nbd2 b5 11. a3 a5 12. O-O b4 13. axb4 axb4 14. Qd1 b3 15.
Ne5 Nxe5 16. dxe5 Nd7 17. Nf3 O-O 18. Qb1 Rxa1 19. Qxa1 Qa8 20. Rd1 Nc5 21. Bg3
Nd3 22. Qb1 Qa2 23. Qxa2 bxa2 24. Ra1 Ra8 25. Nd4 Nc5 26. Kf1 Nb3 27. Nxb3 cxb3
0-1